| 000 | 01016nac a22003017a 4500 | ||
|---|---|---|---|
| 001 | BR8100912 | ||
| 003 | BR-BrBNA | ||
| 005 | 20240105114921.0 | ||
| 008 | 230509b bl.|||m| |||| 00| 0 por d | ||
| 040 |
_aBR-BrBNA _bpor _cBiblioteca Nacional de Agricultura |
||
| 072 | _aE10 | ||
| 090 | _a0430 BR8100912 | ||
| 100 | 1 | _aPimentel, C.R.M. | |
| 110 | 1 |
_aCentro Nacional de Pesquisa do Algodao, Campina Grande, PB (Brasil) _91702 |
|
| 245 | 1 | _aAnalise do setor textil de fiacao e tecelagem do algodao em pluma [Brasil] | |
| 246 | 1 | _a[Analysis of the spinning and weaving textile sector of feather cotton [Brazil]] | |
| 260 | 3 |
_aCampina Grande, PB (Brasil): _c1980. |
|
| 300 | _a5 p. | ||
| 490 |
_aComunicado Tecnico - Centro Nacional de Pesquisa do Algodao (Brazil) _vno. 2 _x |
||
| 650 | _aMacroeconomia | ||
| 650 | _aAlgodao | ||
| 650 | _aFibra | ||
| 650 | _aIndustrializacao | ||
| 650 | _aFiacao | ||
| 650 | _aTecelagem | ||
| 909 |
_a202312 _bLúcia Elande _c55 _dLúcia Elande |
||
| 942 |
_2AGRIS _n0 _cMS |
||
| 999 |
_c272027 _d272027 |
||